Rektorjelölt Visy Csaba : Középpontban az oktatás
Elmentve itt :
| Dokumentumtípus: | Cikk |
|---|---|
| Megjelent: |
2003-03-20
|
| Sorozat: | Délmagyarország
93 No. 66 |
| Kulcsszavak: | Rektorjelölt, Visy Csaba, Visy Csaba |
| Online Access: | http://dmarchiv.bibl.u-szeged.hu/124857 |
| LEADER | 00449nab a2200145 i 4500 | ||
|---|---|---|---|
| 001 | delm124857 | ||
| 005 | 20191125135249.0 | ||
| 008 | 191125s2003 hu o 0|| hun d | ||
| 040 | |a SZTE Délmagyarország Archívum |b hun | ||
| 041 | |a hun | ||
| 245 | 0 | 0 | |a Rektorjelölt |h [elektronikus dokumentum] : |b Visy Csaba : Középpontban az oktatás |
| 260 | |c 2003-03-20 | ||
| 300 | |a 7 | ||
| 490 | 0 | |a Délmagyarország |v 93 No. 66 | |
| 695 | |a Rektorjelölt, Visy Csaba, Visy Csaba | ||